| 000 | 00333nam a22001337a 4500 | ||
|---|---|---|---|
| 008 | 181025b xxu||||| |||| 00| 0 eng d | ||
| 020 | _a9780815702825 | ||
| 041 | _aeng | ||
| 080 | _a321 | ||
| 100 | _a21 | ||
| 101 | _aPOL | ||
| 245 |
_aWhat Works In Development Thinjking Big And Thinking Small _cCohen.J |
||
| 942 |
_2udc _cBK |
||
| 999 |
_c50926 _d50926 |
||